| 000 | 00838cam9a220025300 4500 | ||
|---|---|---|---|
| 001 | lce00915212 | ||
| 008 | 731019s1973 nyua 001 0 eng | ||
| 010 | _a 73174298 //r83 | ||
| 020 | _a0525083510 | ||
| 020 |
_c _30.00 |
||
| 035 | _a(Sirsi) r64299 | ||
| 035 | _a(DLC) 73174298 //r83 | ||
| 035 | _a(UPRA)lce00915212 | ||
| 050 | 0 |
_aTL15 _b.G39 1973 |
|
| 082 | _a629.22/22/09 | ||
| 245 | 0 | 4 |
_aThe Complete encyclopedia of motorcars, 1885 to the present. _cEdited by G.N. Georgano. Contributors: Thorkil Ry Andersen [and others. |
| 250 | _a2d ed.] | ||
| 260 |
_aNew York, _bDutton _c[1973] |
||
| 650 | 0 |
_aAutomobiles -- History. _xAutomobiles -- History. _6S17358.1 |
|
| 700 | 1 |
_aAndersen, Thorkil Ry. _6A24174.1 |
|
| 700 | 1 |
_aGeorgano, G. N. _6A24175.1 |
|
| 949 |
_aTL15 _wlcc _i-85737 _mMAIN _tBOOK _lON-SHELF |
||
| 004 | 64299 | ||
| 999 |
_c179046 _d179046 |
||